[Event "Titled Tue 10th Jun Late"]
[Site "chess.com INT"]
[Date "2025.06.10"]
[Round "5"]
[White "Kunin, Vitaly"]
[Black "Tristan, Leonardo"]
[Result "1-0"]
[WhiteTitle "GM"]
[BlackTitle "GM"]
[WhiteElo "2500"]
[BlackElo "2536"]
[WhiteFideId "4128737"]
[BlackFideId "113816"]
[EventDate "2025.06.10"]

1. e4 d5 2. exd5 Qxd5 3. Nc3 Qa5 4. d4 Nf6 5. Bc4 Bg4 6. Ne2 Nc6 7. O-O O-O-O 8.
Be3 Nxd4 9. Bxd4 e5 10. h3 exd4 11. Nb5 Be6 12. Qd3 a6 13. Bxe6+ fxe6 14. Nbxd4
c5 15. Qc4 Kb8 16. Nxe6 Rd2 17. Rad1 Rd6 18. Qf4 Qb4 19. Rxd6 Bxd6 20. Qxd6+ Ka8
21. Qxc5 Qxb2 22. N2d4 Nd7 23. Nc7+ Kb8 24. Qd6 Qb6 25. Nxa6+ Kc8 26. Qxb6 Nxb6
27. Nc5 Rd8 28. Nce6 Rd6 29. c3 Nd5 30. Nxg7 Nxc3 31. Ngf5 Rd5 32. Ne7+ Kd7 33.
Nxd5 Nxd5 34. f4 Kd6 35. f5 1-0

[Event "Titled Tue 10th Jun Late"]
[Site "chess.com INT"]
[Date "2025.06.10"]
[Round "5"]
[White "Kodihalli, Kaustubh"]
[Black "Perez Rojas, Jorge"]
[Result "0-1"]
[BlackTitle "FM"]
[WhiteElo "2038"]
[BlackElo "2100"]
[WhiteFideId "30956455"]
[BlackFideId "3452093"]
[EventDate "2025.06.10"]

1. e4 c5 2. Nf3 Nc6 3. d4 cxd4 4. Nxd4 g6 5. c4 Bg7 6. Be3 Nf6 7. Nc3 O-O 8. Be2
d6 9. O-O Bd7 10. f3 Rc8 11. Qd2 b6 12. Rfd1 h5 13. Rac1 h4 14. a3 h3 15. g3 Ne5
16. b3 Qc7 17. Nd5 Nxd5 18. cxd5 Qb7 19. b4 a6 20. Nb3 Ba4 21. Rxc8 Rxc8 22. Rb1
Nc4 23. Bxc4 Rxc4 24. Nd4 Bd7 25. Qd3 Qc7 26. b5 Rc3 27. Qd2 axb5 28. Bf2 Qc4
29. Rd1 Rxa3 0-1

[Event "Titled Tue 10th Jun Late"]
[Site "chess.com INT"]
[Date "2025.06.10"]
[Round "5"]
[White "Sheehan, Ethan"]
[Black "Gyurjinyan, Valter"]
[Result "1-0"]
[BlackTitle "CM"]
[WhiteElo "2364"]
[BlackElo "2208"]
[WhiteFideId "30943965"]
[BlackFideId "13318179"]
[EventDate "2025.06.10"]

1. d4 Nf6 2. Nf3 d5 3. c4 e6 4. Nc3 Be7 5. cxd5 exd5 6. Bg5 c6 7. e3 Bf5 8. Bd3
Bxd3 9. Qxd3 Nbd7 10. Qc2 O-O 11. O-O h6 12. Bh4 Re8 13. Rab1 a5 14. a3 Ne4 15.
Nxe4 dxe4 16. Qxe4 g5 17. Bg3 Bxa3 18. Qf5 Bf8 19. h4 a4 20. hxg5 Ra5 21. Be5
Re6 22. Qf4 b6 23. Rbc1 Rg6 24. gxh6 Bxh6 25. Qe4 Rd5 26. Rxc6 Nxe5 27. Nxe5
Rgd6 28. Rfc1 Qg5 29. Rc8+ Kg7 30. R1c7 Rf6 31. Qxd5 Rxf2 32. Rxf7+ Rxf7 33.
Qxf7# 1-0

[Event "Titled Tue 10th Jun Late"]
[Site "chess.com INT"]
[Date "2025.06.10"]
[Round "5"]
[White "Guha, Eshan"]
[Black "Izafatava, Kira"]
[Result "1-0"]
[WhiteElo "2071"]
[BlackElo "2036"]
[WhiteFideId "30958628"]
[BlackFideId "13521705"]
[EventDate "2025.06.10"]

1. d4 d5 2. c4 e6 3. Nf3 Nf6 4. g3 a6 5. Bg2 dxc4 6. O-O b5 7. a4 Bb7 8. b3 c5
9. axb5 axb5 10. Rxa8 Bxa8 11. bxc4 bxc4 12. Qa4+ Bc6 13. Qxc4 Be7 14. dxc5 O-O
15. Nc3 Nd5 16. Ne5 Bb7 17. c6 Ba6 18. Qb3 Nxc3 19. Qxc3 Qc7 20. Bf4 Bd6 21. Rb1
f6 22. Nd3 Bxd3 23. Bxd6 Qxd6 24. exd3 Rc8 25. Rb6 e5 26. Qc4+ Kh8 27. h4 g6 28.
h5 Kg7 29. Rb7+ Kh6 30. hxg6 hxg6 31. Qh4# 1-0

[Event "Titled Tue 10th Jun Late"]
[Site "chess.com INT"]
[Date "2025.06.10"]
[Round "5"]
[White "Woodward, Andy"]
[Black "Vlassov, Nikolai"]
[Result "1-0"]
[WhiteTitle "GM"]
[BlackTitle "IM"]
[WhiteElo "2567"]
[BlackElo "2291"]
[WhiteFideId "30953499"]
[BlackFideId "4103360"]
[EventDate "2025.06.10"]

1. f4 g6 2. Nf3 Bg7 3. g3 d5 4. Bg2 c6 5. O-O Qb6+ 6. Kh1 Bxb2 7. Bxb2 Qxb2 8.
Nc3 Qb6 9. e4 Nf6 10. Rb1 Qc7 11. d4 dxe4 12. Ng5 Bf5 13. Ncxe4 Nxe4 14. Nxe4
Bxe4 15. Bxe4 Nd7 16. f5 Nf6 17. Bg2 O-O-O 18. c3 Rdg8 19. Qa4 a6 20. Rb3 Ne8
21. Rfb1 Nd6 22. c4 gxf5 23. c5 Nb5 24. Qc4 e6 25. a4 Na7 26. Qb4 Nb5 27. axb5
axb5 28. Qa3 h5 29. Rxb5 cxb5 30. Rxb5 h4 31. Qa8+ Kd7 32. Qa4 Kc8 33. c6 bxc6
34. Qa6+ Kd7 35. Rb7 hxg3 36. Qxc6+ Ke7 37. Qxc7+ Kf6 38. Qe7+ Kg6 39. Qxf7+ Kg5
40. Qxe6 Rxh2+ 41. Kg1 Rgh8 42. Rg7+ Kh4 43. Qf6+ 1-0

[Event "Titled Tue 10th Jun Late"]
[Site "chess.com INT"]
[Date "2025.06.10"]
[Round "5"]
[White "Dominguez, Ramiro"]
[Black "Ferreira, Vitor Hugo Vieira"]
[Result "1-0"]
[WhiteTitle "FM"]
[WhiteElo "2210"]
[BlackElo "2128"]
[WhiteFideId "4420055"]
[BlackFideId "2119765"]
[EventDate "2025.06.10"]

1. e4 c5 2. Ne2 d6 3. g3 Nc6 4. Bg2 g6 5. c3 Bg7 6. d4 cxd4 7. cxd4 Nf6 8. Nbc3
O-O 9. h3 e5 10. Be3 exd4 11. Nxd4 Re8 12. O-O Ne5 13. b3 Qa5 14. Rc1 Bd7 15. f4
Nc6 16. Ndb5 d5 17. e5 Ne4 18. Qxd5 Nxc3 19. Nxc3 Be6 20. Qxa5 Nxa5 21. Nb5 Rad8
22. Bxa7 Rd2 23. Rf2 Rd3 24. Kh2 f6 25. Nc7 Rc8 26. Rfc2 Rxc7 27. Rxc7 fxe5 28.
Re7 Bf5 29. g4 Bf8 30. Rxe5 Nc6 31. Bxc6 bxc6 32. gxf5 Bd6 33. Rxc6 Bxe5 34.
fxe5 gxf5 35. e6 Kf8 36. Bc5+ Kg7 37. e7 Rd2+ 38. Kg3 Re2 39. Rc8 Kf7 40. e8=Q+
Rxe8 41. Rxe8 1-0

[Event "Titled Tue 10th Jun Late"]
[Site "chess.com INT"]
[Date "2025.06.10"]
[Round "5"]
[White "Thorhallsson, Simon"]
[Black "Venskaya, Nika"]
[Result "1-0"]
[WhiteTitle "FM"]
[BlackTitle "WCM"]
[WhiteElo "2202"]
[BlackElo "1926"]
[WhiteFideId "2310090"]
[BlackFideId "13523503"]
[EventDate "2025.06.10"]

1. g3 Nf6 2. Bg2 g6 3. e4 d6 4. d4 Bg7 5. Ne2 O-O 6. O-O Nbd7 7. h3 c5 8. d5 Rb8
9. a4 a6 10. a5 b5 11. axb6 Nxb6 12. Nec3 Nc4 13. Qe2 Nxb2 14. Ra2 a5 15. Rxb2
Ra8 16. Ra2 Qd7 17. Nb5 c4 18. N1c3 Ba6 19. Na3 Rfc8 20. Bd2 Ne8 21. Rb1 Rab8
22. Rab2 Rxb2 23. Rxb2 Qc7 24. Qe1 Qc5 25. Nab1 Qc7 26. Be3 a4 27. Rb6 Ra8 28.
Qc1 Bc8 29. Qa3 Bd7 30. Qb4 Qc8 31. Na3 Nf6 32. Kh2 Nh5 33. Ne2 f5 34. exf5 gxf5
35. Qxc4 Qf8 36. Qc7 Re8 37. Qxd7 1-0

[Event "Titled Tue 10th Jun Late"]
[Site "chess.com INT"]
[Date "2025.06.10"]
[Round "5"]
[White "Sakmak, Kutay"]
[Black "Haszon, David"]
[Result "0-1"]
[WhiteTitle "CM"]
[BlackTitle "FM"]
[WhiteElo "2158"]
[BlackElo "2264"]
[WhiteFideId "44581939"]
[BlackFideId "733610"]
[EventDate "2025.06.10"]

1. e4 e5 2. Nf3 Nf6 3. Nc3 Nc6 4. Bc4 Nxe4 5. Nxe4 d5 6. Bd3 dxe4 7. Bxe4 Bd6 8.
O-O O-O 9. Re1 h6 10. h3 Re8 11. Bd5 Qf6 12. d3 Be6 13. Bxe6 Rxe6 14. Nd2 Qg6
15. Ne4 Bf8 16. c3 Rd8 17. Qe2 f5 18. Ng3 Bc5 19. Kh2 a5 20. Bd2 Red6 21. d4
exd4 22. Qc4+ Rd5 23. cxd4 Bxd4 24. Bc3 Bxf2 25. Qf4 Bxg3+ 26. Qxg3 Qxg3+ 27.
Kxg3 g5 28. Re6 R5d6 29. Rae1 Kf7 30. R6e2 h5 31. Kh2 h4 32. Rf1 Kg6 33. Ref2 f4
34. Re2 Nd4 35. Re4 Nf5 36. Rfe1 Ne3 37. Re7 R8d7 38. Re8 b6 39. Rg8+ Kf5 40.
Rf8+ Ke4 41. Re8+ Kd3 42. Re5 Rd5 43. Re6 R7d6 44. Re7 c6 45. Rb7 c5 46. a3 Kc4
47. Re7 Kb3 48. Re4 Rd1 49. Rxd1 Rxd1 50. Re5 Nf1+ 51. Kg1 Ng3+ 52. Kf2 Rf1# 0-1

[Event "Titled Tue 10th Jun Late"]
[Site "chess.com INT"]
[Date "2025.06.10"]
[Round "5"]
[White "Hernandez Santos, David Ale"]
[Black "Mai, Alexander Oliver"]
[Result "0-1"]
[WhiteTitle "CM"]
[BlackTitle "CM"]
[WhiteElo "1742"]
[BlackElo "2171"]
[WhiteFideId "5132002"]
[BlackFideId "2313391"]
[EventDate "2025.06.10"]

1. d4 Nf6 2. Nc3 d5 3. Bf4 a6 4. e3 h6 5. Nf3 Bg4 6. h3 Bxf3 7. Qxf3 e6 8. Bd3
c5 9. dxc5 Bxc5 10. O-O O-O 11. g4 Nbd7 12. Qg3 Re8 13. g5 Nh5 14. Qh4 Nxf4 15.
exf4 Bf8 16. Qg4 hxg5 17. fxg5 Ne5 18. Qh5 Qxg5+ 19. Qxg5 Nf3+ 20. Kh1 Nxg5 21.
Rg1 Nxh3 22. Rg3 Nxf2+ 23. Kg2 Nxd3 24. Rxd3 g6 25. Rh1 Bg7 26. Rdh3 Rac8 27.
Kf2 d4 28. Na4 Rxc2+ 29. Kf3 e5 30. Ke4 Re2+ 31. Kd5 e4 32. Nc5 d3 33. Kc4 Rc8
34. Kd5 f5 35. Nd7 Rd8 36. Ke6 Rxd7 37. Kxd7 d2 38. Rd1 e3 39. Kd6 Re1 40. Rh1
Rxh1 41. Rxh1 e2 0-1

[Event "Titled Tue 10th Jun Late"]
[Site "chess.com INT"]
[Date "2025.06.10"]
[Round "5"]
[White "Sieciechowicz, Marcin"]
[Black "Moskalenko, Alexander"]
[Result "0-1"]
[WhiteTitle "IM"]
[BlackTitle "GM"]
[WhiteElo "2413"]
[BlackElo "2422"]
[WhiteFideId "1130170"]
[BlackFideId "4155351"]
[EventDate "2025.06.10"]

1. d4 e6 2. c4 f5 3. g3 Nf6 4. Bg2 Bb4+ 5. Bd2 Bxd2+ 6. Qxd2 O-O 7. Nc3 d6 8.
Nf3 Nc6 9. O-O e5 10. dxe5 dxe5 11. Rfd1 e4 12. Qxd8 Rxd8 13. Rxd8+ Nxd8 14. Ne5
c6 15. Rd1 Be6 16. f4 Kf8 17. g4 Nf7 18. b3 Nxe5 19. gxf5 Nxc4 20. fxe6 Ne3 21.
Rd4 Nf5 22. Rd2 e3 23. Rd3 Ke7 24. Bh3 g6 25. Bxf5 gxf5 26. Rxe3 Rg8+ 27. Rg3
Rg4 28. Rxg4 Nxg4 29. h3 Nf6 30. Kf2 Kxe6 31. Kf3 Nd5 32. Nxd5 Kxd5 33. Ke3 a5
34. Kd3 b5 35. h4 h5 36. a3 c5 37. a4 bxa4 38. bxa4 c4+ 39. Kc3 Kc5 40. e4 fxe4
41. f5 e3 0-1

[Event "Titled Tue 10th Jun Late"]
[Site "chess.com INT"]
[Date "2025.06.10"]
[Round "5"]
[White "Bukreev, Stanislav"]
[Black "Sivakumar, Shaaketh"]
[Result "0-1"]
[WhiteTitle "FM"]
[BlackTitle "FM"]
[WhiteElo "2305"]
[BlackElo "2279"]
[WhiteFideId "34252347"]
[BlackFideId "30940176"]
[EventDate "2025.06.10"]

1. d4 e6 2. Nf3 Nf6 3. c4 b6 4. g3 Bb4+ 5. Bd2 c5 6. Bg2 Bb7 7. d5 O-O 8. O-O
Bxd2 9. Qxd2 exd5 10. Nh4 Ne4 11. Qc2 Re8 12. cxd5 Bxd5 13. Rd1 Bc6 14. Na3 Qf6
15. e3 Na6 16. Qe2 Nb4 17. Nb1 Nd5 18. Na3 Nc7 19. Rac1 d5 20. Qe1 Ne6 21. b4 d4
22. Nc4 Rad8 23. bxc5 bxc5 24. exd4 Nxd4 25. Qf1 g5 26. Bxe4 Bxe4 27. Ng2 Qf3
28. Nd2 Ne2+ 29. Kh1 Qxg2+ 30. Qxg2 Bxg2+ 31. Kxg2 Nxc1 32. Rxc1 Rxd2 33. Rxc5
h6 34. h4 Ree2 35. hxg5 Rxf2+ 36. Kh3 hxg5 37. Rxg5+ Kf8 38. a4 f5 39. Rg6 Rh2# 0-1

[Event "Titled Tue 10th Jun Late"]
[Site "chess.com INT"]
[Date "2025.06.10"]
[Round "5"]
[White "Wiebe, Isaac"]
[Black "Miserendino, Alfredo"]
[Result "1-0"]
[WhiteElo "2085"]
[BlackElo "2032"]
[WhiteFideId "2623862"]
[BlackFideId "101800"]
[EventDate "2025.06.10"]

1. d4 c5 2. d5 Nf6 3. Nc3 e6 4. e4 d6 5. Bb5+ Bd7 6. a4 exd5 7. exd5 Be7 8. Nf3
O-O 9. h3 Bf5 10. Bf4 b6 11. O-O a6 12. Bd3 Qd7 13. Re1 Re8 14. Bf1 h6 15. Nd2
Qc7 16. Nc4 Nbd7 17. Rxe7 Rxe7 18. Bxd6 Qd8 19. Bxe7 Qxe7 20. Ne3 Bg6 21. Bd3
Ne5 22. Bxg6 Nxg6 23. Nc4 Rb8 24. Ne3 Rd8 25. Qd3 Nf4 26. Qxa6 Ne4 27. Qxb6 Rd6
28. Qb8+ Kh7 29. Nxe4 Rg6 30. Qxf4 1-0

[Event "Titled Tue 10th Jun Late"]
[Site "chess.com INT"]
[Date "2025.06.10"]
[Round "5"]
[White "Klevansky, Aron"]
[Black "Garcia, Angie"]
[Result "1-0"]
[WhiteTitle "CM"]
[BlackTitle "WIM"]
[WhiteElo "1930"]
[BlackElo "1996"]
[WhiteFideId "14313332"]
[BlackFideId "6702503"]
[EventDate "2025.06.10"]

1. e4 e6 2. d3 d5 3. Nd2 c5 4. Ngf3 Nf6 5. g3 Nc6 6. Bg2 Be7 7. O-O O-O 8. e5
Nd7 9. Re1 Qc7 10. Qe2 b5 11. Nf1 Bb7 12. h4 Rfc8 13. Bf4 Qd8 14. N1h2 a5 15.
Ng5 Nd4 16. Qh5 Bxg5 17. Bxg5 Qe8 18. c3 Nc2 19. Bf6 Nxf6 20. exf6 g6 21. Qg5
Nxa1 22. Rxa1 Ra6 23. Ng4 Ba8 24. h5 d4 25. Bh3 Rd6 26. Ne5 dxc3 27. bxc3 Qf8
28. Re1 c4 29. d4 Rd5 30. hxg6 fxg6 31. Bxe6+ Kh8 32. Bxd5 Bxd5 33. Ng4 Bf7 34.
Re7 Re8 35. Ne5 Bd5 36. Nd7 Rxe7 37. fxe7 1-0

[Event "Titled Tue 10th Jun Late"]
[Site "chess.com INT"]
[Date "2025.06.10"]
[Round "5"]
[White "Marchand, Calix"]
[Black "Ernst, Luca"]
[Result "1-0"]
[BlackTitle "FM"]
[WhiteElo "2108"]
[BlackElo "2215"]
[WhiteFideId "2640856"]
[BlackFideId "45117055"]
[EventDate "2025.06.10"]

1. b3 d5 2. Bb2 Nf6 3. d3 Bg4 4. Nf3 Nbd7 5. Nbd2 e6 6. g3 Be7 7. Bg2 O-O 8. O-O
c6 9. e4 Qc7 10. e5 Ne8 11. c4 f6 12. cxd5 cxd5 13. Rc1 Qa5 14. Bc3 Qa6 15. Qc2
Bf5 16. Rfe1 Bxd3 17. Qd1 f5 18. Re3 f4 19. gxf4 Rxf4 20. Bh3 Bf5 21. Nd4 Bxh3
22. Rxh3 g6 23. N2f3 Ng7 24. Bd2 Rf7 25. Rc7 Nb6 26. Ng5 Bxg5 27. Rxf7 Kxf7 28.
Bxg5 Kg8 29. Bf6 Nd7 30. Qd2 Nf8 31. Qh6 Ne8 32. Be7 Ng7 33. Bxf8 Rxf8 34. Qxh7+
Kf7 35. Rf3+ Ke8 36. Qxg6+ Ke7 37. Qxg7+ 1-0

[Event "Titled Tue 10th Jun Late"]
[Site "chess.com INT"]
[Date "2025.06.10"]
[Round "5"]
[White "Lesovoi, Evgenij"]
[Black "Craciun, Sasha-Matei"]
[Result "1-0"]
[WhiteTitle "FM"]
[BlackTitle "FM"]
[WhiteElo "2234"]
[BlackElo "2320"]
[WhiteFideId "24164135"]
[BlackFideId "1281186"]
[EventDate "2025.06.10"]

1. d4 d5 2. c4 e6 3. Nc3 Nf6 4. cxd5 exd5 5. Bg5 c6 6. e3 Be7 7. Bd3 Nbd7 8. Qc2
O-O 9. Nf3 h6 10. Bh4 Re8 11. O-O Ne4 12. Bxe7 Qxe7 13. b4 Ndf6 14. b5 cxb5 15.
Bxb5 Bd7 16. Bxd7 Qxd7 17. Nxe4 Nxe4 18. Ne5 Qe6 19. Rfc1 Re7 20. h3 Rd8 21. a4
Qf5 22. a5 f6 23. Nd3 h5 24. a6 bxa6 25. Rxa6 h4 26. Ra5 Kh7 27. Nc5 Qg6 28.
Nxe4 dxe4 29. Qc5 Rdd7 30. Qh5+ Qxh5 31. Rxh5+ Kg6 32. Rxh4 f5 33. Ra1 Rb7 34.
Ra6+ Kf7 35. Rh8 Rec7 36. Ra8 g5 37. Ra5 Kg6 38. Rg8+ 1-0

[Event "Titled Tue 10th Jun Late"]
[Site "chess.com INT"]
[Date "2025.06.10"]
[Round "5"]
[White "Hercegovac, Neven"]
[Black "Gimeno Martos, Roberto"]
[Result "1-0"]
[WhiteTitle "FM"]
[BlackTitle "CM"]
[WhiteElo "2215"]
[BlackElo "2090"]
[WhiteFideId "2839135"]
[BlackFideId "2226804"]
[EventDate "2025.06.10"]

1. Nf3 g6 2. d4 Bg7 3. h4 h5 4. e4 d6 5. Nc3 Nf6 6. Bc4 O-O 7. Bb3 c5 8. dxc5
dxc5 9. Qxd8 Rxd8 10. Ng5 e6 11. Be3 b6 12. f3 Nc6 13. Kf2 Nd4 14. Rad1 Bb7 15.
Ne2 Nxb3 16. axb3 Bc6 17. Bf4 e5 18. Be3 Ne8 19. Nc3 Nc7 20. Rd2 f6 21. Nh3 Kf7
22. Rhd1 Rxd2+ 23. Rxd2 Bf8 24. Ng1 Ne6 25. Nd5 Rd8 26. c3 f5 27. Ke1 Bxd5 28.
exd5 Nc7 29. c4 Ne8 30. Nh3 Be7 31. Ng5+ Bxg5 32. Bxg5 Rd7 33. Re2 b5 34. Rxe5
bxc4 35. bxc4 Rb7 36. Re6 a5 37. Rc6 Rxb2 38. Rxc5 a4 39. Ra5 Rb4 40. c5 Rc4 41.
d6 Rd4 42. Ra7+ Kf8 43. d7 Rxd7 44. Rxd7 1-0

[Event "Titled Tue 10th Jun Late"]
[Site "chess.com INT"]
[Date "2025.06.10"]
[Round "5"]
[White "Moosavifar, Seyed Abolfazl"]
[Black "Stefansson, Vignir Vatnar"]
[Result "0-1"]
[WhiteTitle "FM"]
[BlackTitle "GM"]
[WhiteElo "2303"]
[BlackElo "2515"]
[WhiteFideId "42548195"]
[BlackFideId "2308649"]
[EventDate "2025.06.10"]

1. e4 d6 2. d4 Nf6 3. Nc3 e5 4. Nf3 Nbd7 5. Bc4 Be7 6. O-O c6 7. a4 a5 8. Re1 h6
9. b3 O-O 10. h3 Re8 11. Bb2 Bf8 12. Qd2 exd4 13. Nxd4 Nc5 14. f3 Bd7 15. Qf2
Qc7 16. Nce2 Rad8 17. Ng3 d5 18. exd5 Nxd5 19. Ngf5 Ne6 20. Bxd5 cxd5 21. Nxe6
Rxe6 22. Nd4 Rg6 23. Kh1 Bd6 24. Qe2 Qc8 25. g4 h5 26. Nb5 Bb8 27. Bd4 hxg4 28.
hxg4 Rh6+ 29. Kg1 Bxb5 30. axb5 Bg3 31. Rf1 Bd6 32. Rf2 Re8 33. Qd3 Rh3 34. Raf1
Qe6 35. Rg2 Qh6 36. Kf2 Qh4+ 37. Kg1 Bh2+ 38. Kh1 Bg3+ 39. Kg1 Rh1# 0-1

[Event "Titled Tue 10th Jun Late"]
[Site "chess.com INT"]
[Date "2025.06.10"]
[Round "5"]
[White "Maghsoodloo, Parham"]
[Black "Haddouche, Mohamed"]
[Result "1-0"]
[WhiteTitle "GM"]
[BlackTitle "GM"]
[WhiteElo "2691"]
[BlackElo "2490"]
[WhiteFideId "12539929"]
[BlackFideId "7900660"]
[EventDate "2025.06.10"]

1. c4 Nf6 2. d4 g6 3. Nc3 Bg7 4. e4 d6 5. h3 O-O 6. Be3 e5 7. d5 Na6 8. g4 Nc5
9. Bg2 a5 10. Nge2 h5 11. f3 Nh7 12. Qd2 h4 13. O-O-O Bf6 14. Rhf1 Bd7 15. b3 b6
16. Kc2 Qe7 17. Rde1 Rab8 18. Rf2 b5 19. cxb5 Bxb5 20. Nxb5 Rxb5 21. Bf1 Rfb8
22. Nc3 Rb4 23. Bxc5 dxc5 24. Bc4 Bg5 25. f4 Bxf4 26. Rxf4 exf4 27. e5 Re8 28.
Qxf4 Ng5 29. Re3 Rbb8 30. Nb5 Kh7 31. a4 c6 32. dxc6 Ne6 33. Bxe6 Qxe6 34. Nc7
Qe7 35. Nd5 Qe6 36. Nc7 Qe7 37. e6 Kg7 38. Nd5 Qd8 39. Qxf7+ Kh6 40. e7 Qd6 41.
g5+ Kxg5 42. Nf6 1-0

[Event "Titled Tue 10th Jun Late"]
[Site "chess.com INT"]
[Date "2025.06.10"]
[Round "5"]
[White "Sapocinic, Semion"]
[Black "Ragger, Markus"]
[Result "1/2-1/2"]
[WhiteTitle "FM"]
[BlackTitle "GM"]
[WhiteElo "2296"]
[BlackElo "2566"]
[WhiteFideId "13908693"]
[BlackFideId "1610856"]
[EventDate "2025.06.10"]

1. Nf3 Nf6 2. g3 g6 3. Bg2 Bg7 4. O-O O-O 5. d3 d5 6. a4 a5 7. Nbd2 Nc6 8. e4 e6
9. Re1 b6 10. e5 Nd7 11. d4 Ba6 12. c3 Ne7 13. h4 c5 14. h5 Rc8 15. Nf1 cxd4 16.
cxd4 Qc7 17. Bg5 Rfe8 18. Ne3 Nf5 19. Nxf5 gxf5 20. h6 Bf8 21. Qd2 Bb4 22. Qf4
Nf8 23. Rec1 Qd7 24. Bf6 Ng6 25. Qg5 Rxc1+ 26. Rxc1 Rc8 27. Rxc8+ Qxc8 28. Nh4
Bf8 29. Nxg6 fxg6 30. Kh2 Qe8 31. b3 Bd3 32. Qe3 Ba6 33. Bg5 Qc8 34. Bf3 Qc2 35.
Bxd5 exd5 36. e6 Qe4 37. Qxe4 fxe4 38. e7 Bxe7 39. Bxe7 Bd3 40. Bd8 Bc2 41. Bxb6
Bxb3 42. Bxa5 Bxa4 43. Bd2 Kf7 44. g4 Ke6 45. g5 Kf5 46. Kg3 Bb3 47. Be3 Ke6 48.
Bf4 Kf7 49. Be3 Bc4 50. Kf4 Bb3 51. Ke5 Bc4 52. Bf4 Bb3 53. Be3 Bc4 54. Kd6 Bb3
55. Kc5 Bc4 56. Kb4 Ke6 57. Kc5 Kf7 58. Kc6 Ba2 59. Kd6 Bc4 60. Ke5 Ba2 61. Kf4
Bc4 62. f3 exf3 63. Kxf3 Ba2 64. Bf4 Bc4 65. Be5 Ba2 66. Bf6 Bc4 67. Ke3 Ba2 68.
Kd2 Bc4 69. Kc3 Ba2 70. Kb4 Bc4 71. Kc5 Ba2 72. Kb4 Bc4 73. Kc5 Ba2 74. Kb4 1/2-1/2

[Event "Titled Tue 10th Jun Late"]
[Site "chess.com INT"]
[Date "2025.06.10"]
[Round "5"]
[White "Brancaleoni, Maurizio"]
[Black "Bach, Matthias"]
[Result "1-0"]
[WhiteTitle "FM"]
[BlackTitle "FM"]
[WhiteElo "2185"]
[BlackElo "2206"]
[WhiteFideId "803022"]
[BlackFideId "4603168"]
[EventDate "2025.06.10"]

1. Nf3 c5 2. c3 Nc6 3. e4 Nf6 4. e5 Nd5 5. Bc4 Nb6 6. Bb3 c4 7. Bc2 d6 8. exd6
Bg4 9. a4 Ne5 10. a5 Bxf3 11. gxf3 Nd5 12. Be4 e6 13. d4 cxd3 14. c4 Nb4 15. O-O
Bxd6 16. Bxb7 Qh4 17. Re1 Nc2 18. Re4 Qh3 19. Bxa8 O-O 20. Rxe5 Bxe5 21. f4 Bd4
22. Bg2 Qh4 23. Ra4 Qxf2+ 24. Kh1 Ne1 25. Qg4 1-0

[Event "Titled Tue 10th Jun Late"]
[Site "chess.com INT"]
[Date "2025.06.10"]
[Round "5"]
[White "Rabin, Evan"]
[Black "Noroozi, Omid"]
[Result "1-0"]
[BlackTitle "IM"]
[WhiteElo "1945"]
[BlackElo "2266"]
[WhiteFideId "2028670"]
[BlackFideId "12501190"]
[EventDate "2025.06.10"]

1. e4 c5 2. Nf3 d6 3. Bb5+ Nd7 4. O-O a6 5. Bc4 Ngf6 6. Re1 g6 7. c3 Bg7 8. d4
O-O 9. e5 dxe5 10. dxe5 Ne8 11. e6 fxe6 12. Bxe6+ Kh8 13. Ng5 Nd6 14. Qd3 Nf6
15. Qh3 Nde4 16. Na3 Nxg5 17. Bxg5 Qb6 18. Bxc8 Raxc8 19. Nc4 Qb5 20. Ne5 Qxb2
21. Nxg6+ Kg8 22. Nxe7+ Kh8 23. Nxc8 Ne4 24. Be3 Rxf2 25. Rad1 Rf8 26. Rf1 Nf6
27. Ne7 Qc2 28. Rc1 1-0

[Event "Titled Tue 10th Jun Late"]
[Site "chess.com INT"]
[Date "2025.06.10"]
[Round "5"]
[White "Khanbutaev, Artemii"]
[Black "Dauer, Andre Leonardo"]
[Result "1-0"]
[BlackTitle "CM"]
[WhiteElo "2139"]
[BlackElo "2138"]
[WhiteFideId "55747175"]
[BlackFideId "2126915"]
[EventDate "2025.06.10"]

1. d4 e6 2. c4 d5 3. Nf3 c6 4. g3 f5 5. Bg2 Nf6 6. O-O Bd6 7. b3 Qe7 8. Bb2 O-O
9. Qc1 a5 10. Ba3 a4 11. Ne5 Nbd7 12. Nd3 Ne4 13. Bxd6 Qxd6 14. Nc3 a3 15. f3
Nxc3 16. Qxc3 b6 17. e4 Ba6 18. Rfe1 c5 19. exd5 exd5 20. f4 Nf6 21. dxc5 bxc5
22. cxd5 Rac8 23. Rad1 Rfd8 24. Ne5 Qb6 25. Nc4 Qb4 26. Qc2 g6 27. Re6 Ng4 28.
Rxa6 Re8 29. Re6 Rcd8 30. Rxe8+ Rxe8 31. Qd2 Qb7 32. d6 Qb8 33. Bd5+ Kf8 34. Qc3
Qd8 35. Qh8# 1-0

[Event "Titled Tue 10th Jun Late"]
[Site "chess.com INT"]
[Date "2025.06.10"]
[Round "5"]
[White "Mizzi, Jack"]
[Black "Timmermans, Mark"]
[Result "0-1"]
[WhiteTitle "CM"]
[BlackTitle "IM"]
[WhiteElo "2107"]
[BlackElo "2405"]
[WhiteFideId "5602521"]
[BlackFideId "1026399"]
[EventDate "2025.06.10"]

1. d4 Nf6 2. c4 e6 3. Nf3 d5 4. Nbd2 Be7 5. g3 O-O 6. Bg2 dxc4 7. Nxc4 b6 8. O-O
Bb7 9. b3 Nbd7 10. Bb2 c5 11. dxc5 Nxc5 12. Qxd8 Rfxd8 13. Rfd1 Nce4 14. Nfe5
Bc5 15. e3 Bb4 16. a3 Bf8 17. b4 Bd5 18. b5 Rdc8 19. f3 Nc5 20. Rac1 Nb3 21. Rc3
Nc5 22. e4 Bb7 23. Ba1 Na4 24. Rcd3 a6 25. Nd6 Bxd6 26. Rxd6 axb5 27. Bf1 Ba6
28. Nd7 Nxd7 29. Rxd7 h6 30. e5 Nc3 31. R1d4 Nd5 32. Be2 b4 33. Bxa6 Rxa6 34.
R4xd5 exd5 0-1

[Event "Titled Tue 10th Jun Late"]
[Site "chess.com INT"]
[Date "2025.06.10"]
[Round "5"]
[White "Kornienko, Konstantin"]
[Black "Aradhya, Garg"]
[Result "0-1"]
[WhiteTitle "CM"]
[BlackTitle "IM"]
[WhiteElo "2141"]
[BlackElo "2370"]
[WhiteFideId "34400419"]
[BlackFideId "25006746"]
[EventDate "2025.06.10"]

1. d4 d5 2. Nf3 Nf6 3. c4 e6 4. Qc2 c5 5. dxc5 Bxc5 6. cxd5 Na6 7. e3 Qxd5 8.
Bxa6 bxa6 9. Nc3 Qc6 10. Ne5 Qxg2 11. Rf1 O-O 12. Bd2 Bb7 13. O-O-O Rac8 14. Rg1
Qxh2 15. Rg3 Bd6 16. Ng4 Nxg4 17. Rxg4 Bf3 18. Rgg1 Bxd1 19. Qxd1 Qxf2 20. Kb1
Be5 21. Rf1 Qg2 22. Rg1 Qh3 23. Rh1 Qg2 24. Rg1 Qb7 25. Ka1 Rfd8 26. Qc2 a5 27.
a3 a4 28. Be1 Qb3 29. Qg2 Rd1+ 30. Nxd1 Rc1# 0-1